| Tag |
First Indicator |
Second Indicator |
Subfields |
| LEADER |
00000cam a2200000 4500 |
| 001 |
in00000066004 |
| 005 |
20151008051236.0 |
| 008 |
761005s1949 nyu 00000 eng |
| 010 |
|
|
|a 49001866
|
| 035 |
|
|
|a (OCoLC)02480890
|
| 035 |
|
|
|9 AAG6706AM
|
| 040 |
|
|
|a DLC
|c FNP
|d TXA
|d UtOrBLW
|
| 049 |
|
|
|a TXAM
|c [178241]
|
| 050 |
|
0 |
|a HD9866.J32
|b S75
|
| 082 |
0 |
|
|a 338.47677
|
| 092 |
|
|
|a 338.47677
|b S849j
|
| 100 |
1 |
|
|a Stewart, John Robert,
|d 1910-
|
| 245 |
1 |
0 |
|a Japan's textile industry :
|b with an appendix on the textile industry in Burma, Ceylon, China, Hong Kong, India, Indo-China, Indonesia, Pakistan , and the Philippines /
|c a report prepared for the U. N. Economic Commission for Asia and the Far East.
|
| 264 |
|
1 |
|a New York :
|b International Secretariat, Institute of Pacific Relations,
|c 1949.
|
| 300 |
|
|
|a iv, 82 pages ;
|c 28 cm.
|
| 336 |
|
|
|a text
|b txt
|2 rdacontent
|
| 337 |
|
|
|a unmediated
|b n
|2 rdamedia
|
| 338 |
|
|
|a volume
|b nc
|2 rdacarrier
|
| 500 |
|
|
|a "One of a series of studies on the reconstruction and reform of postwar Japan prepared as part of the International Research Program of the Institute of Pacific Relations."
|
| 650 |
|
0 |
|a Textile industry
|z Japan.
|
| 650 |
|
0 |
|a Textile industry
|z Asia.
|
| 710 |
2 |
|
|a Institute of Pacific Relations.
|
| 999 |
|
|
|a MARS
|
| 999 |
f |
f |
|s 17d85b86-67a9-3d21-8ab6-eda2bd8cd84f
|i 96d02e1e-fed2-3683-a977-c7288ea8394f
|t 0
|
| 952 |
f |
f |
|p ric
|a Texas A&M University
|b Rellis Campus
|c Joint Library Facility
|d Remote Storage
|t 0
|e HD9866.J32 S75
|h Library of Congress classification
|i unmediated -- volume
|m A14800766653
|
| 998 |
f |
f |
|a HD9866.J32 S75
|t 0
|l Remote Storage
|